000 00844nas a2200253Ia 4500
001 R002/39565
003 IT-RoPAU
008 151124c99999999xx |||||||||||| ||und||
040 _aIT-RoPAU
040 _cIT-RoPAU
041 _aITALIANO
100 _aTorri Bruno
_gCodice Aut. SPICS: 669
210 _aBIANCO E NERO
222 _aBianco E Nero
245 _aBIANCO E NERO, ANNO 45-N.04-OTTOBRE/DICEMBRE 1984
_bKaos: la Svolta Dei Taviani
250 _a1a ed.
260 _aROMA
_bGREMESE
_c1984
501 _bPaulus - SPICS - Società San Paolo EM (non-commercial uses only)
_cCopyright2015
300 _a4 p. [15-18]
362 _aANNO 045, N.04-OTTOBRE/DICEMBRE 1984
500 _aMostra Cinema Venezia 1984 Recensione-E-Scheda-Del-Film-Di-Paolo-E-Vittorio-Taviani
650 _aCINEMA
_vPUBBLICAZIONE PERIODICA
942 _cCR
999 _c169705
_d169705